000
00271nam a22001097a 4500
008
170123b xxu||||| |||| 00| 0 eng d
020
_a
9781416032434
041
_a
eng
080
_2
5TH
_a
618.2
245
_a
PHYSICAL EXAMINATION & HEALTH ASSESMENT
_c
JARVIS
942
_2
udc
_c
BK
999
_c
3384
_d
3384